000 00607nam a2200181Ia 4500
003 GCL
008 140319s9999 xx 000 0 ara d
040 _aGCL /
_cGCL
082 0 4 _a823.009
_bا ن
100 1 _aانجيل بطرس سمعان
245 1 0 _aنظرية الرواية فى الادب الانجليزى الحديث (هدية من الاديب عبدالفتاح الجمل) /
_cانجيل بطرس سمعان
700 1 _aرشاد رشدى (مراجع)
300 _a243 ص
490 _a
650 0 4 _aالادب الانجليزى
650 0 4 _aتاريخ ونقد
942 _2ddc
_cBK
999 _c38384
_d38384